| 000 | 00384cam a22001337a 4500 | ||
|---|---|---|---|
| 008 | 180718b1956 xxu||||| |||| 00| 0 eng d | ||
| 082 | _aG9 J718h | ||
| 100 | _aJones, J. Walter | ||
| 245 |
_aHistorical introduction to the theory of law _cby J. Walter Jones |
||
| 260 |
_aLondon _bOxford University Press _c1956 |
||
| 300 | _a304p. | ||
| 650 | _aJurisprudence | ||
| 650 | _aLaw --History | ||
| 999 |
_c371823 _d371823 |
||